Ďalšie vzdelávanie ustanovizne a ich vzdelávacie aktivity v SR v roku 2005

Salvato in:
Dettagli Bibliografici
Autore principale: Brixová, Janette
Natura: Libro
Lingua:slovacco
Pubblicazione: Bratislava Ústav informácií a prognóz školstva 2006
Soggetti:
Tags: Aggiungi Tag
Nessun Tag, puoi essere il primo ad aggiungerne!!

MARC

LEADER 00000nam$a2200000$$$4500
001 0097189
005 20240502072057.3
020 |a 80-7098-440-6 
041 0 |a slo 
044 |a SK 
245 1 0 |a Ďalšie vzdelávanie  |b ustanovizne a ich vzdelávacie aktivity v SR v roku 2005  |c Janette Brixová 
264 1 |a Bratislava  |b Ústav informácií a prognóz školstva  |c 2006 
300 |a 123 s. 
610 2 0 |a vzdelávanie ďalšie 
610 2 0 |a vzdelávanie 
100 1 |a Brixová, Janette